| 000 | 00637nam a22001937a 4500 | ||
|---|---|---|---|
| 005 | 20180807124156.0 | ||
| 010 | _aENG-123689 | ||
| 020 |
_a9788178245188 _c695.00 |
||
| 035 | _aEN-107221 | ||
| 037 | _bDBAD/PUB | ||
| 082 | _a875.09 | ||
| 100 | _aRao, Velcheru Narayana | ||
| 245 |
_aText and tradition in south india / _cby Velcheru Narayana Rao; introduction by Sanjay Subrahmanyam |
||
| 260 |
_aRanikhet _bPermanent Black _c2017 |
||
| 270 |
_aHimalayana, Mall Road, Ranikhet Cantt. _bRanikhet _e263645 |
||
| 300 | v |
_axii,477p. _c21cm(pbk) |
|
| 700 | _aSubrahmanyam, Sanjay | ||
| 942 |
_2ddc _cEN _mRAO _h875.09 |
||
| 999 |
_c155619 _d155619 |
||